000 005000000a22001810004500
041 0 _aSPA
082 0 4 _aG 261 B86299c
100 1 _aBürki, Hans
245 1 0 _aEl cristiano y el mundo / Hans Bürki
260 _aBarcelona, España : Ediciones Evangélicas Europeas
300 _a77 Pag
500 _aTítulo original : The church of our fathers
001 9140
942 _cBK
999 _c39213
_d39213
336 _atexto
_btxt
_2rdacontent
337 _2rdamedia
_asin mediación
_bn
338 _2rdacarrier
_avolumen
_bnc